000 00658nam a22002057a 4500
003 OSt
005 20140428091027.0
008 140428b xxu||||| |||| 00| 0 eng d
020 _a0736800018
050 _aJK 1025
_b.H43 1999
100 _aHeath, David
245 _aThe Congress of the United States /
_cDavid Heath.
260 _aMinnesota :
_bCapstone Books,
_cc1999.
300 _a48 p. :
_bcol. ill. ;
_c23 cm.
440 _aAmerican Civics
520 _aDiscusses the history and structure of the two branches of congress and how they make laws.
650 _aUnited States. Congress
_vJuvenile literature.
942 _2lcc
_cBK
999 _c115525
_d115525